000
00230nam a22000977a 4500
999
_c
264433
_d
264432
020
_a
9780439908269
100
_a
Jack Prelutsky
245
_a
I'm glad I'm me: Poems About You
260
_a
New York
_b
Scholastic
_c
2006
942
_c
BK